Sports Quiz

Random Sports or MLB Quiz
Score 0/20 Timer 08:00
7 Plays Today
Player % Correct
Mickey Mantle
95.4%
Chipper Jones
94.7%
Eddie Murray
83.4%
Jorge Posada
82.7%
Mark Teixeira
82.6%
Carlos Beltran
81.3%
Bernie Williams
79.8%
Lance Berkman
77.2%
Bobby Bonilla
62.5%
Ken Caminiti
52%
Player % Correct
Victor Martinez
49.9%
Chili Davis
44.8%
Nick Swisher
40.6%
Ruben Sierra
36.6%
Tony Clark
35.3%
Reggie Smith
30.7%
Ken Singleton
30.6%
Ted Simmons
23.9%
Jose Valentin
20.4%
Mickey Tettleton
16.6%

You're not logged in!

Compare scores with friends on all Sporcle quizzes.
OR
Log In

Sporcle TV

Today on Sporcle TV


Watch our educational content, quiz creation guides, and fun videos on Sporcle TV.

Show Comments

Extras

Top Quizzes Today


Score Distribution

Paid Content

Your Account Isn't Verified!

In order to create a playlist on Sporcle, you need to verify the email address you used during registration. Go to your Sporcle Settings to finish the process.

Report this User

Report this user for behavior that violates our Community Guidelines.

Details: